[Event "23rd ETCC Open 2021"]
[Site "Catez"]
[Date "2021.11.20"]
[Round "8.7"]
[White "Alekseenko, Kirill"]
[Black "Bacrot, Etienne"]
[Result "1/2-1/2"]
[WhiteElo "2710"]
[BlackElo "2647"]
[Annotator "TA"]
[PlyCount "81"]
[EventDate "2021.11.08"]
[EventType "team-tourn"]
[EventCountry "SLO"]
[SourceTitle "playchess.com"]
[Source "ChessBase"]
[SourceQuality "1"]
[WhiteTeam "Russia"]
[BlackTeam "France"]
[WhiteTeamCountry "RUS"]
[BlackTeamCountry "FRA"]

{[%evp 23,81,26,41,35,65,62,73,70,74,68,81,79,76,26,25,32,95,91,102,98,111,55,
66,56,87,45,126,-46,-44,-40,-32,-41,-30,-33,-37,-46,-25,-28,-40,-50,-8,-27,0,0,
0,0,0,0,0,0,0,0,0,0,0,0,0,0,0,0]} 1. e4 c5 2. Nf3 d6 3. d4 cxd4 4. Nxd4 Nf6 5.
Nc3 Nc6 6. Bg5 e6 7. Qd2 a6 8. O-O-O Bd7 9. f4 Be7 10. Nf3 b5 {[%cal Bb7b5,
Bb5b4][%mdl 32]} 11. Bxf6 gxf6 12. Bd3 Qa5 {Threatening ...b4.} 13. Kb1 $1 {
B69: Sicilian: Richter-Rauzer: 7...a6 8 0-0-0 Bd7 9 f4 Be7 10 Nf3 b5 11 Bxf6.}
b4 14. Ne2 Qc5 15. f5 {White is better.} a5 16. Nf4 a4 17. Rhe1 Ne5 18. fxe6
fxe6 19. Be2 {[#]} Rb8 $146 (19... a3 $14) ({Predecessor:} 19... O-O 20. Nd4
Qc8 21. Bb5 Bxb5 22. Nxb5 Nc4 23. Qd3 Kh8 24. Qh3 Rg8 25. Nxe6 b3 26. cxb3 axb3
27. axb3 Nxb2 28. Kxb2 {0-1 (35) Hartman,C (2315)-Schneider,L (2425) Stockholm
1987}) 20. Nd4 $16 Kf7 21. Rf1 Rhg8 22. Bh5+ (22. Qe3 $1 $16 {[%cal Re3h3]})
22... Ng6 $14 23. g4 a3 $1 24. Nb3 Qb5 {[#]} (24... Qe5 $14 25. Nd3 {[%mdl 64]
Double Attack} Qxe4) 25. g5 $2 ({White must play} 25. h4 $1 $16 {g5! is the
strong threat.} Rgf8 26. Nd4) 25... Qxg5 $15 26. Nxg6 {Black must now prevent
Qxg5.} Qxh5 27. Nxe7 Qe5 {[%csl Ga3][%cal Re5b2][%mdl 64] Double Attack} 28.
Nd4 Kxe7 29. Qh6 Qg5 30. Qxh7+ Rg7 31. Qh3 axb2 32. Qd3 {And now Nf5+! would
win.} Rb6 33. h4 {The position is equal.} Qxh4 34. e5 fxe5 35. Qf3 {[%csl Gf1]
[%cal Rf3f8]} Rb8 ({Don't go for} 35... Qf4 $2 {[#]} 36. Qa8 $1 $18) 36. Nc6+
Bxc6 37. Qxc6 Rd8 38. Rxd6 Rxd6 39. Qc7+ Rd7 40. Qc5+ Rd6 41. Qc7+ {Weighted
Error Value: White=0.19/Black=0.10} 1/2-1/2

[Event "23rd ETCC Open 2021"]
[Site "Catez"]
[Date "2021.11.20"]
[Round "8.8"]
[White "Lagarde, Maxime"]
[Black "Esipenko, Andrey"]
[Result "1-0"]
[WhiteElo "2647"]
[BlackElo "2713"]
[Annotator "TA"]
[PlyCount "93"]
[EventDate "2021.11.08"]
[EventType "team-tourn"]
[EventCountry "SLO"]
[SourceTitle "playchess.com"]
[Source "ChessBase"]
[SourceQuality "1"]
[WhiteTeam "France"]
[BlackTeam "Russia"]
[WhiteTeamCountry "FRA"]
[BlackTeamCountry "RUS"]

{[%evp 16,93,0,0,6,10,21,2,10,10,0,0,0,0,0,0,0,0,0,0,0,0,0,0,0,0,0,0,0,0,5,0,0,
0,0,-29,0,0,5,0,0,0,0,1,87,72,81,81,100,12,14,30,27,22,25,0,531,554,546,533,
515,393,354,318,426,0,335,0,512,505,891,843,808,743,1117,1139,920,903,12333,
6170]} 1. e4 e5 2. Nf3 Nc6 3. Nc3 Nf6 4. d4 exd4 5. Nxd4 Bb4 6. Nxc6 bxc6 7.
Bd3 O-O 8. O-O d5 9. Bd2 Rb8 {is the new trend. C47: Scotch Four Knights and
Four Knights with 4 g3.} 10. Re1 Bg4 11. Qc1 Re8 {The position is equal.} 12.
exd5 Rxe1+ 13. Qxe1 cxd5 14. h3 Be6 {[#]} 15. b3 $146 ({Predecessor:} 15. a3
Bf8 16. b3 c5 17. Bf4 {1-0 (16) Frick,A (2227)-Kunz,P (2292) GER email 2005})
15... c5 16. Na4 Bxd2 17. Qxd2 Qc7 18. Qe3 Nd7 19. Rd1 h6 20. c3 c4 21. Bc2 a5
22. Qd4 Rb5 23. f4 {f5 is the strong threat.} Nf8 24. f5 Bd7 25. Kh1 Qc6 26. b4
{White wants to play a3.} Nh7 27. a3 Nf6 28. Nc5 axb4 $1 29. cxb4 Qc7 (29...
Qa8 $1 $11 {keeps the balance.}) 30. Ba4 Rxc5 31. Bxd7 Ne4 {[#]} 32. Kg1 $1
Qxd7 (32... c3 33. bxc5) 33. bxc5 $11 {[%mdl 4096] Endgame KQR-KQN} c3 $1 (
33... Qxf5 $2 34. c6 $18 (34. Qxd5 Qf2+ 35. Kh1 Nc3 $16)) 34. Rc1 (34. Qxd5 $2
Qxd5 35. Rxd5 c2 $19) (34. Qxe4 $2 dxe4 35. Rxd7 c2 $19) 34... Qxf5 35. c6 {
Strongly threatening c7.} Qe6 $2 {[%mdl 8192]} (35... Qg5 $1 $11 36. Rxc3 Nxc3
37. Qxc3 d4) 36. c7 $18 Qc6 37. Qe5 c2 38. Kh2 {Threatens to win with Rxc2!} ({
Not} 38. Qxd5 Qb6+ 39. Kh2 Qxc7+ 40. Kg1 Ng3 $11) 38... Kf8 39. Kh1 Nf2+ 40.
Kh2 {Hoping for Rxc2!} Ne4 $1 {[#] intending ...f6.} ({Avoid the trap} 40...
Nd3 $2 41. Rxc2 $3 {[%mdl 512]} Qxc2 42. Qd6+ Kg8 43. Qd8+ Kh7 44. c8=Q $18)
41. Kh1 $2 (41. Qxd5 $3 $18 {[%mdl 512]} Qxc7+ 42. Kg1 Qb6+ 43. Kh1 Nf2+ 44.
Kh2 Qb8+ 45. g3) 41... Qc5 {[%mdl 8192] [#]} (41... Nf2+ $11 42. Kg1 Ne4 43.
Qxd5 Qb6+ 44. Kh1 Nf2+ 45. Kh2 Qxc7+ 46. g3 Qc8) 42. Qxd5 $3 {[%cal Rd5d8]
[%mdl 512] White is clearly winning.} Nf2+ (42... Qxd5 $142 43. c8=Q+ {[%mdl
64] Double Attack} Ke7) 43. Kg1 {[%cal Rd5d8]} Nxh3+ 44. Kh2 {[%cal Rd5d8]}
Qxd5 45. c8=Q+ {[%mdl 64] Double Attack} Ke7 46. Qxh3 Qd2 47. Qh4+ {Weighted
Error Value: White=0.31/Black=0.43} 1-0

[Event "23rd ETCC Open 2021"]
[Site "Catez"]
[Date "2021.11.20"]
[Round "8.9"]
[White "Duda, Jan-Krzysztof"]
[Black "Shirov, Alexei"]
[Result "1/2-1/2"]
[WhiteElo "2756"]
[BlackElo "2673"]
[Annotator "TA"]
[PlyCount "63"]
[EventDate "2021.11.08"]
[EventType "team-tourn"]
[EventCountry "SLO"]
[SourceTitle "playchess.com"]
[Source "ChessBase"]
[SourceQuality "1"]
[WhiteTeam "Poland"]
[BlackTeam "Spain"]
[WhiteTeamCountry "POL"]
[BlackTeamCountry "ESP"]

{[%evp 13,63,45,43,33,39,27,35,34,36,34,22,35,33,18,31,33,29,29,29,16,33,25,25,
25,36,33,34,41,34,38,32,27,51,21,21,22,28,16,12,14,12,12,20,14,77,7,8,0,20,20,
40,-5]} 1. e4 e5 2. Nf3 Nc6 3. Bc4 Bc5 4. c3 Nf6 5. d3 O-O 6. O-O d5 7. exd5
Nxd5 8. a4 {C54: Giuoco Piano: 4 c3 Nf6, main lines with 5 d4 and 5 d3.} a5 9.
Re1 Bg4 10. Nbd2 Nb6 11. Bb5 Bd6 12. Ne4 Na7 13. h3 Bh5 14. d4 Nxb5 15. axb5
exd4 16. Nxd6 Qxd6 17. Qxd4 {[#]} Bxf3 $146 ({Predecessor:} 17... Qxd4 18. Nxd4
Bg6 19. f4 f5 20. Re5 Rfe8 21. Rc5 Rac8 22. Kf2 Nd7 23. Rd5 Nb6 24. Rc5 Nd7 25.
Rd5 Nb6 26. Rc5 {1/2-1/2 (26) Esipenko,A (2720)-Alekseenko,K (2710) Ufa 2021})
18. Qxd6 cxd6 19. gxf3 Rfd8 20. Re7 Rd7 21. Rxd7 Nxd7 $14 {[%mdl 4096] Endgame
KRB-KRN} 22. Bf4 Nb6 23. b3 a4 24. bxa4 Rxa4 25. Re1 {[%cal Re1e8] [#]} h6 26.
Bxd6 Ra5 27. Rb1 {Hoping for Bc7.} Nc4 28. Bg3 Na3 (28... f6 $11 {keeps the
balance.}) 29. Rb3 ({White should play} 29. Ra1 $16) 29... Nxb5 30. Kg2 Na3 31.
Rxb7 Rc5 32. Bd6 {Weighted Error Value: White=0.07/Black=0.08} 1/2-1/2

[Event "23rd ETCC Open 2021"]
[Site "Catez"]
[Date "2021.11.20"]
[Round "8.10"]
[White "Anton Guijarro, David"]
[Black "Wojtaszek, Radoslaw"]
[Result "1/2-1/2"]
[WhiteElo "2669"]
[BlackElo "2700"]
[Annotator "TA"]
[PlyCount "36"]
[EventDate "2021.11.08"]
[EventType "team-tourn"]
[EventCountry "SLO"]
[SourceTitle "playchess.com"]
[Source "ChessBase"]
[SourceQuality "1"]
[WhiteTeam "Spain"]
[BlackTeam "Poland"]
[WhiteTeamCountry "ESP"]
[BlackTeamCountry "POL"]

{[%evp 12,36,3,0,0,0,0,-8,0,0,0,0,0,0,0,0,0,0,16,0,0,0,0,0,0,-8,0]} 1. d4 Nf6
2. Nf3 d5 3. c4 e6 4. Nc3 Bb4 5. e3 O-O 6. Bd2 Nbd7 7. a3 {The position is
equal. Recently 7.Rc1 got a lot of attention.} Be7 {E51: Nimzo-Indian:
Rubinstein: 4...0-0 5 Nf3 d5.} 8. cxd5 exd5 9. Bd3 c6 10. O-O {[#]} Bd6 $146 ({
Predecessor:} 10... Re8 11. Qc2 g6 12. b4 a6 13. Na4 Bd6 14. Nc5 b6 15. Nxd7
Bxd7 16. Bc3 Ne4 {1/2-1/2 (55) Everet,A (2253)-Mantovani,R (2377) Bratto 1999})
11. Qc2 Re8 12. Rfe1 h6 13. h3 Qc7 14. Rac1 a6 15. Na4 Qd8 16. Nc3 Qc7 17. Na4
Qd8 18. Nc3 Qc7 {Not much happened in this game.  Weighted Error Value:
White=0.02/Black=0.01} 1/2-1/2

[Event "23rd ETCC Open 2021"]
[Site "Catez"]
[Date "2021.11.20"]
[Round "8.11"]
[White "Piorun, Kacper"]
[Black "Santos Latasa, Jaime"]
[Result "1/2-1/2"]
[WhiteElo "2634"]
[BlackElo "2633"]
[Annotator "TA"]
[PlyCount "60"]
[EventDate "2021.11.08"]
[EventType "team-tourn"]
[EventCountry "SLO"]
[SourceTitle "playchess.com"]
[Source "ChessBase"]
[SourceQuality "1"]
[WhiteTeam "Poland"]
[BlackTeam "Spain"]
[WhiteTeamCountry "POL"]
[BlackTeamCountry "ESP"]

{[%evp 18,60,18,8,9,8,17,8,9,12,17,0,10,0,16,16,19,11,28,8,20,13,18,10,6,3,8,0,
18,0,8,0,0,6,2,0,0,0,7,0,12,0,12,0,8]} 1. d4 d5 2. c4 e6 3. Nf3 Nf6 4. g3 Be7
5. Bg2 O-O 6. O-O dxc4 7. Qc2 a6 8. a4 Bd7 9. Qxc4 Bc6 10. Bg5 Nbd7 $1 {
[%mdl 4] is now more promising than 10...Bd5. E05: Open Catalan: 5 Nf3 Be7.}
11. Rd1 a5 {[#]} 12. Qc1 $146 ({Predecessor:} 12. Nc3 h6 13. Bf4 Bb4 14. Qd3
Nb6 15. Qc2 Qe7 16. Nb5 Rfc8 17. Rdc1 Be4 18. Qd1 {1/2-1/2 (41) Ponkratov,P 
(2589)-Ovetchkin,R (2501) Izhevsk 2012}) 12... h6 13. Bxf6 Nxf6 14. Nbd2 Bb4
15. Nc4 Bxf3 (15... Rc8 {is more complex.} 16. Nfe5 Bd5 17. Bf3 c5 18. dxc5
Rxc5 19. b3 Qc7) 16. Bxf3 c6 17. h4 Qe7 18. Rd3 Rfd8 {The position is equal.}
19. Qd1 h5 20. Rc1 g6 21. Rc2 Nd7 22. Qc1 Kg7 23. Qf4 Rac8 24. Kg2 Re8 25. Rc1
Red8 26. Qe3 Re8 27. Qf4 Red8 28. Qe3 Re8 29. Qf4 Red8 30. Qe3 Re8 {An
uneventful encounter.  Weighted Error Value: White=0.08/Black=0.04} 1/2-1/2

[Event "23rd ETCC Open 2021"]
[Site "Catez"]
[Date "2021.11.20"]
[Round "8.12"]
[White "Salgado Lopez, Ivan"]
[Black "Moranda, Wojciech"]
[Result "1/2-1/2"]
[WhiteElo "2609"]
[BlackElo "2623"]
[Annotator "TA"]
[PlyCount "44"]
[EventDate "2021.11.08"]
[EventType "team-tourn"]
[EventCountry "SLO"]
[SourceTitle "playchess.com"]
[Source "ChessBase"]
[SourceQuality "1"]
[WhiteTeam "Spain"]
[BlackTeam "Poland"]
[WhiteTeamCountry "ESP"]
[BlackTeamCountry "POL"]

{[%evp 9,44,29,50,45,55,51,51,45,47,51,56,18,22,25,20,19,30,19,30,13,34,45,47,
32,44,24,37,24,20,0,14,0,39,0,11,0,27]} 1. d4 Nf6 2. c4 e6 3. Nf3 d5 4. Nc3
dxc4 5. e4 b5 6. e5 {D24: Queen's Gambit Accepted: 3 Nf3 Nf6 4 Nc3.} Nd5 7.
Nxb5 Nb6 8. Be2 {White is slightly better.} Be7 9. Be3 Nc6 10. a3 Qd7 11. Nc3
Na5 12. Qc2 Bb7 13. Rd1 Rb8 14. h4 h6 15. Rh3 Bc6 {[#]} 16. h5 $146 ({
Predecessor:} 16. Rg3 g6 17. d5 Bxd5 18. Nxd5 Nxd5 19. Bxa7 Rb7 20. Bd4 Qc6 21.
Rg4 h5 22. Re4 {1-0 (55) Yilmaz,M (2624)-Bogner,S (2574) Sharjah 2021}) 16...
Ba4 17. Nxa4 Qxa4 18. Rc1 Nb3 19. Rd1 Na5 20. Rc1 Nb3 21. Rd1 Na5 22. Rc1 Nb3 {
Weighted Error Value: White=0.10/Black=0.05} 1/2-1/2

[Event "23rd ETCC Open 2021"]
[Site "Catez"]
[Date "2021.11.20"]
[Round "8.13"]
[White "Sargissian, Gabriel"]
[Black "Indjic, Aleksandar"]
[Result "1/2-1/2"]
[WhiteElo "2664"]
[BlackElo "2612"]
[Annotator "TA"]
[PlyCount "113"]
[EventDate "2021.11.08"]
[EventType "team-tourn"]
[EventCountry "SLO"]
[SourceTitle "playchess.com"]
[Source "ChessBase"]
[SourceQuality "1"]
[WhiteTeam "Armenia"]
[BlackTeam "Serbia"]
[WhiteTeamCountry "ARM"]
[BlackTeamCountry "SRB"]

{[%evp 10,113,-9,-12,-3,0,0,-7,-13,-18,-15,-23,0,0,0,0,0,-2,0,-30,-25,-15,-18,
-27,-24,-27,-30,-43,-51,-51,-51,-68,-51,-51,-51,-56,-47,-53,-59,-56,-55,-55,
-48,-49,-49,-52,-52,-54,-54,-50,-49,-51,-48,-53,-32,-52,-48,-59,-58,-83,-81,
-81,-81,-93,-90,-127,-122,-133,-125,-156,-127,-120,-119,-118,-113,-150,-155,
-154,-154,-154,-130,-129,-116,-108,-106,-102,-60,-60,-60,-60,0,-8,-8,-12,-8,-8,
-8,-8,0,-8,0,0,0,0,8,8]} 1. d4 Nf6 2. c4 e6 3. Nf3 d5 4. Nc3 dxc4 5. Bg5 a6 6.
a4 Nc6 {D24: Queen's Gambit Accepted: 3 Nf3 Nf6 4 Nc3.} 7. e3 Na5 8. Nd2 Bb4 9.
Bxf6 Qxf6 10. Nxc4 {[#]} O-O $146 ({Predecessor:} 10... b6 11. Nxa5 bxa5 12.
Bd3 c5 13. O-O cxd4 14. Ne4 Qh4 15. exd4 Bb7 16. Qf3 O-O {1/2-1/2 (42)
Cramling,P (2447)-Javakhishvili,L (2457) Mulhouse 2017}) 11. Nxa5 Bxa5 12. Bd3
g6 13. O-O e5 14. d5 Qe7 15. Qb3 Kg7 16. Rfd1 Rd8 17. Ne4 Qb4 18. Qxb4 Bxb4 19.
Be2 f5 20. Ng5 e4 21. Rac1 Bd6 22. g3 Bd7 23. Ne6+ Bxe6 24. dxe6 Kf6 25. Bc4
Ke7 26. Kf1 c6 27. Ke2 Be5 28. Ba2 Rxd1 (28... Bxb2 $6 29. Rb1 $14) 29. Rxd1
$15 {[%mdl 4096] Endgame KRB-KRB} Rd8 (29... Bxb2 $6 30. Rd7+ Ke8 31. Rxb7 $16)
30. Rc1 g5 ({Much weaker is} 30... Bxb2 $6 31. Rb1 $14) 31. h4 gxh4 ({Much
worse is} 31... Bxb2 $6 32. Rb1 $16) 32. gxh4 Rg8 ({Not} 32... Bxb2 33. Rb1 $16
) 33. b4 Bd6 34. b5 axb5 35. axb5 cxb5 36. Rd1 Rc8 37. h5 b4 38. Bd5 Rc3 39.
Rb1 Rc2+ 40. Kf1 Rd2 41. Bxb7 Kxe6 42. Ke1 Rc2 43. Rd1 Rc5 44. Rb1 Be5 45. Ke2
Rc2+ 46. Kd1 Rxf2 {[#] Strongly threatening ...Bc3.} 47. Rxb4 Kf6 48. Rb6+ Kg5
49. Rb5 {[#]} Kf6 (49... Rb2 $1 $15 50. Rxb2 Bxb2) 50. Rb6+ $1 $11 {The
position is equal.} Ke7 51. Rh6 Bc3 {aiming for ...Rd2+.} 52. Rxh7+ Kf6 {
And now ...Rd2+ would win.} 53. Rd7 Kg5 54. Rd5 $1 Kxh5 55. Rc5 $1 Bd2 56. Bxe4
$1 Bxe3 57. Rxf5+ {White happily takes the draw.  Weighted Error Value:
White=0.05/Black=0.06} 1/2-1/2

[Event "23rd ETCC Open 2021"]
[Site "Catez"]
[Date "2021.11.20"]
[Round "8.14"]
[White "Ivanisevic, Ivan"]
[Black "Martirosyan, Haik M."]
[Result "0-1"]
[WhiteElo "2604"]
[BlackElo "2624"]
[Annotator "TA"]
[PlyCount "106"]
[EventDate "2021.11.08"]
[EventType "team-tourn"]
[EventCountry "SLO"]
[SourceTitle "playchess.com"]
[Source "ChessBase"]
[SourceQuality "1"]
[WhiteTeam "Serbia"]
[BlackTeam "Armenia"]
[WhiteTeamCountry "SRB"]
[BlackTeamCountry "ARM"]

{[%evp 17,106,0,0,-5,6,0,12,26,27,27,29,30,27,-19,-5,-7,-5,0,13,-16,-14,-20,0,
-14,-13,-12,-15,-15,-12,-38,-36,-38,-50,-45,-45,-64,-55,-72,-51,-52,-32,-65,
-60,-64,-57,-73,-63,-77,-72,-69,-76,-78,-80,-82,-76,-85,-85,-91,-82,-135,-83,
-84,-71,-87,-56,-56,-56,-63,-56,-90,-108,-143,-138,-128,-80,-80,-80,-80,-80,
-80,-80,-80,-80,-219,-222,-343,-329,-609,-591,-672,-659]} 1. d4 Nf6 2. c4 e6 3.
Nc3 Bb4 4. e3 O-O 5. Bd3 d5 6. a3 Bxc3+ 7. bxc3 dxc4 8. Bxc4 c5 9. Ne2 Nc6 10.
Ng3 {E49: Nimzo-Indian: Rubinstein: 5 Bd3 d5 6 a3 Bxc3+ 7 bxc3.} Nd5 {[#]} 11.
Qc2 $146 ({Predecessor:} 11. Bd2 b6 12. O-O Bb7 13. e4 Nf6 14. e5 Ne8 15. Be3
Na5 16. Ba2 c4 17. Qg4 Qd5 {1-0 (26) Gehlert,K (2030)-Reichenbacher,G (1826)
Bayern 2004}) 11... cxd4 12. cxd4 {The position is equal.} e5 13. dxe5 Nxe5 14.
Be2 Bg4 15. f3 Be6 16. O-O Rc8 17. Qe4 Qf6 {White must now prevent ...Nxf3+!}
18. Qd4 Nc3 {Strongly threatening ...Rfd8.} 19. f4 Nd7 {[%cal Be5d7,Bd7f6,
Bf6e4][%mdl 32]} (19... Nxe2+ {is interesting.} 20. Nxe2 Ng4 21. Qxf6 Nxf6 22.
Nd4 Rfe8) 20. Qxf6 Nxe2+ ({Of course not} 20... gxf6 21. Bf3 $14) 21. Nxe2 Nxf6
22. Nd4 Rfe8 23. Bb2 Bd7 24. Rfe1 b6 25. h3 Ne4 26. Rad1 f6 27. Kh2 Re7 28. Rc1
Nc5 29. Rc3 Rce8 30. Bc1 Kf7 31. Rf1 g6 32. g4 h6 33. Rc2 Ba4 34. Rg2 Rc8 35.
h4 Bc6 36. Rg3 Ne4 37. Rgg1 Bd7 38. h5 {[#]} (38. Rg2 $142) 38... Rc3 (38...
gxh5 $142 $1 39. gxh5 Rc5) 39. hxg6+ $17 Kxg6 40. Rg2 Re8 41. Rd1 Ba4 42. Rh1
Rd3 43. f5+ Kf7 44. Ne2 Rc8 45. Nd4 Rdc3 46. Bb2 Rxe3 47. Rc1 Rxc1 48. Bxc1 Rd3
49. Ne6 Bd1 50. Rg1 {[#] This costs White the game.} (50. Bxh6 $17 {was worth
a try.} Bf3 51. Rc2) 50... Nf2 $1 $19 51. Nf4 (51. Rg3 $142) 51... Rc3 52. Kg2
$2 (52. Bd2 Rc2 53. Be1) 52... Rc2 ({Not} 52... Rxc1 53. Kxf2 Ra1 54. Ne2 $17)
53. Kf1 Nxg4 {Weighted Error Value: White=0.23/Black=0.07} 0-1

[Event "23rd ETCC Open 2021"]
[Site "Catez"]
[Date "2021.11.20"]
[Round "8.15"]
[White "Hovhannisyan, Robert"]
[Black "Markus, Robert"]
[Result "1-0"]
[WhiteElo "2622"]
[BlackElo "2609"]
[Annotator "TA"]
[PlyCount "105"]
[EventDate "2021.11.08"]
[EventType "team-tourn"]
[EventCountry "SLO"]
[SourceTitle "playchess.com"]
[Source "ChessBase"]
[SourceQuality "1"]
[WhiteTeam "Armenia"]
[BlackTeam "Serbia"]
[WhiteTeamCountry "ARM"]
[BlackTeamCountry "SRB"]

{[%evp 13,105,56,57,55,62,30,42,42,46,46,49,11,11,9,11,0,0,0,0,0,0,0,21,17,19,
15,17,16,16,9,9,8,11,11,8,8,14,13,16,8,8,6,8,0,8,8,11,0,0,0,7,7,7,0,0,0,8,8,39,
42,47,16,16,12,12,12,12,12,12,12,12,12,12,0,0,0,8,8,8,8,8,8,8,8,8,8,53,53,
29964,29964,29965,29966,12839,9605]} 1. e4 e6 2. d4 d5 3. Nc3 dxe4 4. Nxe4 Bd7
5. Nf3 Bc6 6. Bd3 Nd7 7. c3 Ngf6 8. Nxf6+ {C10: French with 3 Nc3: Unusual
Black 3rd moves and 3...dxe4.} Nxf6 9. Bf4 Bxf3 10. Qxf3 {White is slightly
better.} c6 11. O-O Bd6 12. Be5 Bxe5 $1 13. dxe5 Nd7 14. Rfe1 Qg5 {[#]} 15. Qe2
$146 ({Predecessor:} 15. Qg3 Qxg3 16. hxg3 O-O-O 17. Rad1 Nc5 18. Bc2 Rxd1 19.
Rxd1 Rd8 20. Rxd8+ Kxd8 21. f4 {1/2-1/2 (43) Teixeira,R (2342)-Di Berardino,D 
(2021) Rio de Janeiro 2000}) 15... O-O-O 16. Rad1 Nc5 17. g3 g6 18. h4 Qh6 19.
Bc4 Rxd1 $1 20. Rxd1 Rd8 21. Kg2 (21. Rxd8+ {is more complex.} Kxd8 22. f4 Qf8
23. Qe3 a5 24. Kf2) 21... Rxd1 22. Qxd1 Nd7 23. f4 Qf8 24. Qd4 a6 25. Be2 h5
26. b4 Qd8 27. Kf2 Qc7 28. Qe3 a5 29. a3 Kd8 30. Qa7 axb4 31. axb4 Qb6+ 32.
Qxb6+ Nxb6 $11 {[%mdl 4096] Endgame KB-KN} 33. Ke3 Nd5+ 34. Kd4 b6 35. f5 Ne7
36. fxg6 fxg6 {next ...Nf5+ is good for Black.} 37. Ke4 Nd5 $1 {[%cal Rd5c3]}
38. Bd3 Ke7 39. Kd4 Kf7 40. Be4 {Bxd5 is the strong threat.} Ne7 41. Ke3 Nd5+
42. Kd3 Ne7 $1 43. c4 Kg7 44. Ke3 Kh6 45. c5 bxc5 46. bxc5 g5 47. Kd4 gxh4 $1
48. gxh4 Kg7 49. Kc3 Ng6 50. Bxc6 {aiming for Kd4.} Kf7 $2 {[%mdl 8192] [#]} (
50... Nxe5 $14 51. Bb5 Kf6) 51. Kd4 $1 Ke7 {[#]} 52. Be4 $1 Nh8 53. Ke3 {
Weighted Error Value: White=0.04/Black=0.20} 1-0

[Event "23rd ETCC Open 2021"]
[Site "Catez"]
[Date "2021.11.20"]
[Round "8.17"]
[White "Erdos, Viktor"]
[Black "Giri, Anish"]
[Result "1/2-1/2"]
[WhiteElo "2615"]
[BlackElo "2774"]
[Annotator "TA"]
[PlyCount "66"]
[EventDate "2021.11.08"]
[EventType "team-tourn"]
[EventCountry "SLO"]
[SourceTitle "playchess.com"]
[Source "ChessBase"]
[SourceQuality "1"]
[WhiteTeam "Hungary"]
[BlackTeam "Netherlands"]
[WhiteTeamCountry "HUN"]
[BlackTeamCountry "NED"]

{[%evp 16,66,28,0,7,7,7,0,0,0,0,0,0,0,2,0,0,-16,-7,-14,-11,-8,-10,-14,-13,-2,
-7,-12,-8,-15,-19,-23,-18,0,-6,-4,5,0,0,0,0,0,0,0,0,0,329,56,46,50,22,32,17]} 
1. d4 d5 2. c4 e6 3. Nc3 Nf6 4. Bg5 Be7 5. e3 h6 6. Bxf6 Bxf6 7. Nf3 O-O 8. Rc1
a6 9. Bd3 dxc4 {D55: Queen's Gambit Declined: 4 Bg5 Be7: Lines without ...h6
and 6...h6 7 Bxf6.} 10. Bxc4 Nd7 11. Ne4 b6 {The position is equal.} 12. Nxf6+
{[#]} Qxf6 $146 ({Predecessor:} 12... Nxf6 13. O-O Bb7 14. b4 Qe7 15. a3 a5 16.
Rb1 axb4 17. axb4 Ra3 18. Qe2 Be4 {0-1 (27) Richard,A (1056)-Cousins,E (1274)
IECC email 1998}) 13. Bd3 c5 14. Be4 Ra7 15. O-O a5 16. Qa4 cxd4 17. Qxd4 e5
18. Qc3 Nc5 19. Bd5 Re8 20. Rfd1 Bg4 21. h3 Bh5 22. Rd2 Rd7 23. Rcd1 Kh7 24.
Qc2+ Bg6 25. Qc3 Kh8 26. b3 Bh5 27. a3 Rxd5 {[%mdl 64] [#] Remove Defender} 28.
Rxd5 Ne4 29. Qc2 Bxf3 30. gxf3 Ng5 {[%mdl 8192] [#]} (30... Qxf3 $11 31. Rd8
Rxd8 32. Rxd8+ Kh7) 31. f4 $2 ({White must play} 31. Rd6 $1 $18 {[%cal Rd6f6]}
Nxf3+ 32. Kf1) 31... exf4 $14 32. Qf5 {[%cal Rf5f6]} Qxf5 33. Rxf5 {h4 is the
strong threat.} fxe3 {Weighted Error Value: White=0.19/Black=0.20} 1/2-1/2